| 000 | 02800cam a2200577 i 4500 | ||
|---|---|---|---|
| 001 | 22682919 | ||
| 003 | JO-AjAnu | ||
| 005 | 20241016092123.0 | ||
| 008 | 220706t20212021enka 001 0 eng d | ||
| 010 | _a 2022275438 | ||
| 015 |
_aGBC1E2063 _2bnb |
||
| 016 | 7 |
_a020307594 _2Uk |
|
| 020 |
_a9781838663087 _q(American English edition ; _qhardcover) |
||
| 020 |
_a1838663088 _q(American English edition ; _qhardcover) |
||
| 020 |
_a9781838663957 _q(UK English edition ; _qhardcover) |
||
| 020 |
_a1838663959 _q(UK English edition ; _qhardcover) |
||
| 035 | _a(OCoLC)on1250514566 | ||
| 040 |
_aYDX _beng _cYDX _erda _dBDX _dUKMGB _dOCLCO _dOCLCF _dTOH _dDPL _dNYP _dOCLCO _dSTF _dJQW _dCNNWP _dOCLCO _dDLC _dJO-AjAnu |
||
| 042 | _alccopycat | ||
| 050 | 0 | 0 |
_aNK2115.5.C6 _bL58 2021 |
| 082 | 0 | 4 |
_a701.85 _223 |
| 082 | 0 | 4 |
_a747.94 _223 |
| 245 | 0 | 0 |
_aLiving in color : _bcolor in contemporary interior design / _cStella Paul, India Mahdavi. |
| 246 | 0 | 0 | _aLiving in colour |
| 264 | 1 |
_aLondon : _bPhaidon Press, _c2021. |
|
| 264 | 4 | _c©2021 | |
| 300 |
_a239 pages : _bcolor illustrations ; _c30 cm |
||
| 336 |
_atext _btxt _2rdacontent |
||
| 336 |
_astill image _bsti _2rdacontent |
||
| 337 |
_aunmediated _bn _2rdamedia |
||
| 338 |
_avolume _bnc _2rdacarrier |
||
| 500 | _aIncludes index (pages 236-237). | ||
| 505 | 0 | 0 |
_tColoring a room of one's own / _rStella Paul -- _tA life lived in color / _rInda Mahdavi -- _tLiving in color -- _tSpectrum -- _tDirectories. |
| 520 | _aAn inspirational visual journey along the color spectrum, brought to life via the best contemporary residential interior design. Tap into the growing trend for injecting color into home décor with this elegant, thoughtful selection of interiors in every shade and hue. Organised by color -- from the purest white to the deepest black, from the hottest pinks, oranges, and reds, to the coolest greens and tranquil blues in between -- Living in Color explores and celebrates the current trend for vivid accents and vibrant transformations of our domestic spaces, whatever their size and wherever their location. | ||
| 650 | 0 | _aColor in interior decoration. | |
| 650 | 0 | _aInterior decoration. | |
| 650 | 0 | _aColor in architecture. | |
| 650 | 2 | _aInterior Design and Furnishings | |
| 650 | 6 | _aCouleur en décoration intérieure. | |
| 650 | 6 | _aDécoration intérieure. | |
| 650 | 6 | _aCouleur en architecture. | |
| 650 | 7 |
_aColor in interior decoration. _2fast _0(OCoLC)fst00868579 |
|
| 655 | 7 |
_aillustrated books. _2aat |
|
| 655 | 7 |
_aIllustrated works. _2lcgft |
|
| 655 | 7 |
_aOuvrages illustrés. _2rvmgf |
|
| 700 | 1 |
_aPaul, Stella, _eauthor. |
|
| 700 | 1 |
_aMahdavi, India, _eauthor. |
|
| 906 |
_a7 _bcbc _ccopycat _d2 _encip _f20 _gy-gencatlg |
||
| 942 |
_2lcc _cBK _n0 |
||
| 999 |
_c33713 _d33713 |
||